00806cam a2200181 a 4500020002500000020002200025020002500047020002200072041000800094082001300102100002300115245005100138260006400189300002700253505031100280650001300591700002000604 a9780521853699 (hbk.) a0521853699 (hbk.) a9780521619554 (pbk.) a0521619556 (pbk.) aENG04a210bMUR1 aMurray, Michael J.13aAn introduction to the philosophy of religion  aCambridge ;aNew York :bCambridge University Press,c2008. axiii, 291 p. :bill. ;0 aAttributes of God : independence, goodness, and power -- Attributes of God : eternity, knowledge, and providence -- God triune and incarnate -- Faith and rationality -- Theistic arguments -- Anti-theistic arguments -- Religion and science -- Religion, morality, and politics -- Mind, body, and immortality. 0aReligion1 aRea, Michael C.